[Event "2021 FIDE Online Olympiad"]
[Site "Chess.com"]
[Date "2021.09.03"]
[Round "6"]
[Board "4"]
[White "Xu, Tong"]
[Black "Shih, Ching-An"]
[Result "1-0"]
[WhiteElo "2111"]
[BlackElo "1680"]
[PlyCount "133"]
[EventDate "2021.09.02"]
[EventType "team"]
[EventRounds "9"]
[EventCountry "FID"]
[WhiteTeam "Shenzhen China"]
[BlackTeam "Chinese Taipei"]

1. e4  e5  2. Nf3  d6  3. d4  exd4  4. Nxd4  Nf6  5. Nc3  Be7  6. Be2  Nbd7  7. O-O  O-O  8. Re1  a6  9. f4  Re8  10. Bf3  Bf8  11. Be3  Nc5  12. Bf2  Ne6  13. Nxe6  Bxe6  14. Bd4  c6  15. b3  d5  16. e5  Nd7  17. Bg4  Bc5  18. Bxc5  Nxc5  19. Kh1  Qh4  20. f5  Bc8  21. Bh3  a5  22. Qd2  b5  23. a3  Nd7  24. e6  fxe6  25. fxe6  Nc5  26. Rad1  Bxe6  27. Bxe6+  Nxe6  28. Ne2  Rad8  29. Ng3  b4  30. axb4  axb4  31. Rf1  Rf8  32. Nf5  Qg5  33. Qxg5  Nxg5  34. Ne7+  Kh8  35. Rxf8+  Rxf8  36. Nxc6  Ne4  37. Kg1  g6  38. Nxb4  Rc8  39. Rxd5  Kg7  40. Rd4  Nf6  41. h3  h5  42. c4  Rb8  43. c5  Kf7  44. c6  Rc8  45. Kf2  Ke6  46. Ke3  g5  47. Kd3  g4  48. hxg4  Nxg4  49. Kc4  Ne3+  50. Kc5  Nxg2  51. Nd5  h4  52. Rd3  Rh8  53. c7  h3  54. Rxh3  Rxh3  55. c8=Q+  Ke5  56. Qxh3  Nf4  57. Nxf4  Ke4  58. Qg2+  Ke5  59. b4  Kxf4  60. b5  Ke3  61. b6  Kf4  62. b7  Ke3  63. b8=R  Kd3  64. Rd8+  Kc3  65. Qf3+  Kb2  66. Rd2+  Kc1  67. Qd1#   1-0

[Event "2021 FIDE Online Olympiad"]
[Site "Chess.com"]
[Date "2021.09.03"]
[Round "6"]
[Board "5"]
[White "Bai, Adelard"]
[Black "Xue, Haowen"]
[Result "1/2-1/2"]
[WhiteElo "1720"]
[BlackElo "2128"]
[PlyCount "90"]
[EventDate "2021.09.02"]
[EventType "team"]
[EventRounds "9"]
[EventCountry "FID"]
[WhiteTeam "Chinese Taipei"]
[BlackTeam "Shenzhen China"]

1. d4  Nf6  2. c4  e6  3. Nf3  Bb4+  4. Bd2  Qe7  5. a3  Bxd2+  6. Qxd2  O-O  7. Nc3  d6  8. g3  e5  9. Bg2  c6  10. e4  Bg4  11. O-O  Nbd7  12. h3  Bxf3  13. Bxf3  a5  14. Rad1  a4  15. Bg2  Rfd8  16. Qe2  exd4  17. Rxd4  Nc5  18. Rfd1  Rd7  19. Kh2  Ne8  20. h4  Nc7  21. Bh3  N7e6  22. R4d2  Rdd8  23. Nd5  Qf8  24. Nc3  Nb3  25. Rd3  Nec5  26. Re3  g6  27. h5  Qh6  28. Kg2  Qg7  29. e5  dxe5  30. Rxd8+  Rxd8  31. Rxe5  Qf8  32. Qe3  Nd3  33. Re7  Nxb2  34. hxg6  hxg6  35. Qg5  Re8  36. Rxb7  Nd3  37. Bd7  Re5  38. Qf6  Ne1+  39. Kg1  Nc5  40. Rc7  Nxd7  41. Rxd7  Re6  42. Qd8  Re8  43. Qf6  Re6  44. Qd8  Re8  45. Qf6  Re6   1/2-1/2

[Event "2021 FIDE Online Olympiad"]
[Site "Chess.com"]
[Date "2021.09.03"]
[Round "6"]
[Board "6"]
[White "Li, Xinyu"]
[Black "Weng, Yu-Hsin"]
[Result "1-0"]
[WhiteElo "2167"]
[BlackElo "1000"]
[PlyCount "85"]
[EventDate "2021.09.02"]
[EventType "team"]
[EventRounds "9"]
[EventCountry "FID"]
[WhiteTeam "Shenzhen China"]
[BlackTeam "Chinese Taipei"]

1. d4  e6  2. c4  Nf6  3. Nf3  b6  4. g3  Bb7  5. Bg2  Be7  6. O-O  O-O  7. Nc3  Ne4  8. Bd2  Nxd2  9. Qxd2  Bf6  10. e4  d6  11. Rfd1  Nd7  12. Rac1  e5  13. d5  a6  14. b4  g6  15. Ne1  Bg7  16. Nd3  f5  17. f4  Bh6  18. Rf1  fxe4  19. Nxe4  Qe7  20. Ng5  exf4  21. gxf4  Bxg5  22. fxg5  Rf7  23. Rxf7  Qxf7  24. Rf1  Qg7  25. Nf4  Ne5  26. Ne6  Qe7  27. Qf4  Re8  28. Bh3  Nf7  29. Qf6  Qxf6  30. gxf6  c6  31. Ng7  cxd5  32. Nxe8  dxc4  33. Be6  b5  34. Nxd6  c3  35. Nxf7  Kf8  36. Ng5  h6  37. Nh7+  Ke8  38. f7+  Ke7  39. f8=Q+  Kxe6  40. Qf6+  Kd7  41. Rd1+  Kc7  42. Qd6+  Kc8  43. Qd8#   1-0

[Event "2021 FIDE Online Olympiad"]
[Site "Chess.com"]
[Date "2021.09.03"]
[Round "6"]
[Board "1"]
[White "Murshed, Niaz"]
[Black "Abdyjapar, Asyl"]
[Result "0-1"]
[WhiteElo "2476"]
[BlackElo "2390"]
[PlyCount "110"]
[EventDate "2021.09.02"]
[EventType "team"]
[EventRounds "9"]
[EventCountry "FID"]
[WhiteTeam "Bangladesh"]
[BlackTeam "Kyrgyzstan"]

1. Nf3  Nf6  2. c4  g6  3. b3  Bg7  4. Bb2  O-O  5. g3  d5  6. Bg2  dxc4  7. bxc4  c5  8. O-O  Nc6  9. d3  Bg4  10. h3  Bd7  11. Nbd2  Rc8  12. Rb1  b6  13. a3  Re8  14. Qc2  e5  15. e3  Bf5  16. Ne1  Qd7  17. g4  Be6  18. Ndf3  h5  19. g5  Nh7  20. h4  Bh3  21. Kh2  Bxg2  22. Nxg2  Rcd8  23. Rbd1  Qg4  24. Ng1  f6  25. f3  Qe6  26. Nh3  fxg5  27. hxg5  Qd6  28. e4  Nd4  29. Bxd4  cxd4  30. Nh4  Nf8  31. Qa2  Kh7  32. Kh1  Ne6  33. a4  Rf8  34. Ng2  Rf7  35. a5  bxa5  36. c5  Qc6  37. f4  Rdf8  38. f5  gxf5  39. Qe2  fxe4  40. Rxf7  Rxf7  41. dxe4  Nxc5  42. Qxh5+  Kg8  43. g6  Rf6  44. Rb1  Nd7  45. Ng5  Rxg6  46. Qh7+  Kf8  47. Rf1+  Rf6  48. Rf5  Rxf5  49. Qxf5+  Bf6  50. Kh2  Ke7  51. Qh7+  Kd8  52. Qg8+  Kc7  53. Ne6+  Kb6  54. Qf7  Qd6  55. Ne1  d3   0-1

[Event "2021 FIDE Online Olympiad"]
[Site "Chess.com"]
[Date "2021.09.03"]
[Round "6"]
[Board "2"]
[White "Zhakshylykov, Erzhan"]
[Black "Rahman, Ziaur"]
[Result "1-0"]
[WhiteElo "1929"]
[BlackElo "2537"]
[PlyCount "101"]
[EventDate "2021.09.02"]
[EventType "team"]
[EventRounds "9"]
[EventCountry "FID"]
[WhiteTeam "Kyrgyzstan"]
[BlackTeam "Bangladesh"]

1. d4  d5  2. c4  e6  3. Nc3  Nf6  4. cxd5  Nxd5  5. e4  Nxc3  6. bxc3  c5  7. Nf3  cxd4  8. cxd4  Bb4+  9. Bd2  Bxd2+  10. Qxd2  O-O  11. Bc4  Nd7  12. O-O  b6  13. Rfe1  Bb7  14. Rad1  Rc8  15. Bd3  h6  16. Qf4  Re8  17. Bb1  Qc7  18. Qh4  b5  19. h3  Nb6  20. d5  exd5  21. e5  Qe7  22. Qh5  a6  23. e6  fxe6  24. Qg6  Nd7  25. Qh7+  Kf8  26. Bg6  Qf6  27. Nd4  Ne5  28. Bh5  g6  29. Qxh6+  Kg8  30. Rxe5  Qxe5  31. Qxg6+  Qg7  32. Qxg7+  Kxg7  33. Bxe8  Rxe8  34. f4  Kf6  35. g4  Rh8  36. Kg2  e5  37. fxe5+  Kxe5  38. Kg3  Rc8  39. Nf3+  Kf6  40. g5+  Kf5  41. Re1  Rc3  42. Re5+  Kg6  43. Re6+  Kf7  44. Rf6+  Kg7  45. Kf4  Rc4+  46. Kg3  d4  47. Rd6  Rc3  48. Rd7+  Kg6  49. Rxb7  Ra3  50. Kg4  Re3  51. Nh4#   1-0

[Event "2021 FIDE Online Olympiad"]
[Site "Chess.com"]
[Date "2021.09.03"]
[Round "6"]
[Board "3"]
[White "Sultana, Sharmin Shirin"]
[Black "Zairbek kyzy, Begimai"]
[Result "0-1"]
[WhiteElo "2084"]
[BlackElo "1649"]
[PlyCount "122"]
[EventDate "2021.09.02"]
[EventType "team"]
[EventRounds "9"]
[EventCountry "FID"]
[WhiteTeam "Bangladesh"]
[BlackTeam "Kyrgyzstan"]

1. d4  d5  2. c4  e6  3. Nc3  Nf6  4. Bg5  Be7  5. e3  O-O  6. Nf3  c6  7. Rc1  Re8  8. a3  Nbd7  9. Qc2  Nf8  10. Bd3  h6  11. Bh4  Nh5  12. Bxe7  Qxe7  13. O-O  Bd7  14. Rfd1  Rad8  15. b4  a6  16. Ne5  Bc8  17. Rb1  Nd7  18. Bh7+  Kh8  19. Nxf7+  Qxf7  20. Bg6  Qe7  21. Bxh5  Rf8  22. e4  Qg5  23. Qe2  e5  24. exd5  exd4  25. Ne4  Qe5  26. dxc6  bxc6  27. Ng3  Qf6  28. Bg4  Rde8  29. Qd2  Nb6  30. Bxc8  Nxc8  31. Qxd4  Re1+  32. Nf1  Qxd4  33. Rxd4  Rxb1  34. Rd3  Re8  35. g3  Kh7  36. Kg2  Ree1  37. Ne3  Ne7  38. Rd7  Ng6  39. Nf5  Rg1+  40. Kh3  Ne5  41. Rxg7+  Kh8  42. Re7  Nf3  43. Nxh6  Rbe1  44. Nf7+  Kg7  45. Rc7  Kf6  46. Nh6  Re6  47. Ng4+  Kf5  48. Ne3+  Ke4  49. Kg4  Nxh2+  50. Kh5  Rh1  51. Rg7  Nf1+  52. Kg5  Nxe3  53. fxe3  Kxe3  54. Ra7  Rg1  55. Rxa6  Rxg3+  56. Kf5  Rh6  57. b5  Rh5+  58. Ke6  cxb5  59. Ra5  Rh6+  60. Kf7  bxc4  61. Rc5  Kd4   0-1

[Event "2021 FIDE Online Olympiad"]
[Site "Chess.com"]
[Date "2021.09.03"]
[Round "6"]
[Board "4"]
[White "Samaganova, Alexandra"]
[Black "Parveen, Tanima"]
[Result "1-0"]
[WhiteElo "1948"]
[BlackElo "1987"]
[PlyCount "87"]
[EventDate "2021.09.02"]
[EventType "team"]
[EventRounds "9"]
[EventCountry "FID"]
[WhiteTeam "Kyrgyzstan"]
[BlackTeam "Bangladesh"]

1. c4  e5  2. Nc3  Nf6  3. Nf3  Nc6  4. a3  Be7  5. b4  d6  6. e3  O-O  7. Be2  h6  8. O-O  e4  9. Ne1  Be6  10. Qc2  Bf5  11. d3  exd3  12. Bxd3  Bxd3  13. Nxd3  d5  14. cxd5  Nxd5  15. Nxd5  Qxd5  16. Nf4  Qg5  17. Ne2  Bd6  18. f4  Qe7  19. e4  Rfe8  20. Ng3  Qe6  21. Bb2  Qg4  22. e5  Bf8  23. Rae1  Rad8  24. Re4  Rd5  25. f5  Qg5  26. e6  fxe6  27. fxe6  Rd2  28. Qb3  Qd5  29. Qxd5  Rxd5  30. Nf5  Ne7  31. Ne3  Rd2  32. Bc3  Rd3  33. Be5  c6  34. Nc4  Ng6  35. Bb2  Rb3  36. Bd4  b5  37. Na5  Rxa3  38. Rg4  Rxe6  39. Nb7  Bxb4  40. Nd8  Re2  41. Nxc6  Ne7  42. Rxg7+  Kh8  43. Rf8+  Ng8  44. Rfxg8#   1-0

[Event "2021 FIDE Online Olympiad"]
[Site "Chess.com"]
[Date "2021.09.03"]
[Round "6"]
[Board "5"]
[White "Mohammad Fahad, Rahman"]
[Black "Degenbaev, Aziz"]
[Result "0-1"]
[WhiteElo "2287"]
[BlackElo "1795"]
[PlyCount "86"]
[EventDate "2021.09.02"]
[EventType "team"]
[EventRounds "9"]
[EventCountry "FID"]
[WhiteTeam "Bangladesh"]
[BlackTeam "Kyrgyzstan"]

1. d4  Nf6  2. c4  c5  3. d5  b5  4. cxb5  a6  5. bxa6  Bxa6  6. Nc3  g6  7. g3  Bg7  8. Bg2  d6  9. Nf3  O-O  10. O-O  Nbd7  11. Re1  Ng4  12. Qc2  Qb6  13. Rb1  Nge5  14. b3  Rfc8  15. Bg5  Qa5  16. Na4  Nxf3+  17. exf3  Ne5  18. Qd2  Qxd2  19. Bxd2  Ra7  20. f4  Nd3  21. Red1  Nb4  22. Bh3  f5  23. g4  Bd3  24. gxf5  gxf5  25. Bxb4  Bxb1  26. Rxb1  cxb4  27. Bxf5  Rf8  28. Be6+  Kh8  29. f5  Rc7  30. Re1  Rc2  31. Nb6  Bd4  32. Re4  Bxf2+  33. Kh1  Bxb6  34. Rxb4  Be3  35. a4  Kg7  36. Re4  Rc3  37. b4  Kf6  38. a5  Rb8  39. Bd7  Rg8  40. h4  Rc1+  41. Kh2  Bg1+  42. Kh1  Bd4+  43. Kh2  Be5+   0-1

[Event "2021 FIDE Online Olympiad"]
[Site "Chess.com"]
[Date "2021.09.03"]
[Round "6"]
[Board "6"]
[White "Sovetbekova, Nurai"]
[Black "Noshin, Anjum"]
[Result "0-1"]
[WhiteElo "1541"]
[BlackElo "1808"]
[PlyCount "140"]
[EventDate "2021.09.02"]
[EventType "team"]
[EventRounds "9"]
[EventCountry "FID"]
[WhiteTeam "Kyrgyzstan"]
[BlackTeam "Bangladesh"]

1. d4  d5  2. c4  c6  3. Nf3  Nf6  4. e3  e6  5. Nc3  Nbd7  6. Qc2  Bd6  7. Bd3  dxc4  8. Bxc4  b5  9. Bd3  Bb7  10. O-O  O-O  11. Bd2  a6  12. h3  h6  13. Rfd1  c5  14. Ne4  Nxe4  15. Bxe4  Bxe4  16. Qxe4  cxd4  17. Nxd4  Nc5  18. Qf3  Rc8  19. b3  Qb6  20. Bc3  Nxb3  21. axb3  Rxc3  22. Qg4  Be5  23. b4  Rc4  24. Rdc1  Bxd4  25. exd4  Rd8  26. Qe4  Rcxd4  27. Qe3  Qd6  28. Qa3  Rxb4  29. Rd1  Rd4  30. Rxd4  Qxd4  31. Qxa6  b4  32. Rb1  Rb8  33. Qe2  b3  34. Rb2  Qd5  35. Qe3  Qd1+  36. Kh2  Qd6+  37. Kg1  Qa3  38. Qc3  Qa1+  39. Kh2  Qa4  40. Qe5  Qb4  41. Qe3  Qd6+  42. Kg1  Qd1+  43. Kh2  Qd5  44. Qc3  Qb7  45. Qg3  Qb4  46. Qe5  Rb7  47. Qe3  Qa4  48. Qc3  Qf4+  49. Kg1  Rc7  50. Rxb3  Rxc3  51. Rxc3  Qb4  52. Rf3  Qb1+  53. Kh2  f6  54. Re3  Kf7  55. Rc3  Qb8+  56. g3  Qe5  57. Re3  Qd4  58. Kg2  e5  59. Ra3  Qd5+  60. Kg1  Qc5  61. Rb3  Qd4  62. Re3  Kg6  63. h4  f5  64. Ra3  f4  65. Ra6+  Kf5  66. Kg2  f3+  67. Kh3  Qd1  68. g4+  Kf4  69. Ra4+  e4  70. Kh2  Qxa4   0-1

[Event "2021 FIDE Online Olympiad"]
[Site "Chess.com"]
[Date "2021.09.03"]
[Round "6"]
[Board "1"]
[White "Laylo, Darwin"]
[Black "Delaney, Killian"]
[Result "1-0"]
[WhiteElo "2337"]
[BlackElo "2132"]
[PlyCount "95"]
[EventDate "2021.09.02"]
[EventType "team"]
[EventRounds "9"]
[EventCountry "FID"]
[WhiteTeam "Philippines"]
[BlackTeam "Ireland"]

1. c4  e5  2. Nc3  Nf6  3. g3  c6  4. d4  exd4  5. Qxd4  d5  6. Bg2  Be6  7. cxd5  cxd5  8. Nf3  Nc6  9. Qa4  Bc5  10. O-O  O-O  11. Bg5  h6  12. Bxf6  Qxf6  13. Rac1  Rfd8  14. Rfd1  Bb6  15. e3  d4  16. Ne4  Qg6  17. Nxd4  Nxd4  18. exd4  Bd5  19. Nc5  Bxg2  20. Kxg2  Qf6  21. Qc4  Rac8  22. b4  Qc6+  23. d5  Qg6  24. Qd3  Qh5  25. a3  Rd6  26. Nxb7  Rxc1  27. Rxc1  Qxd5+  28. Qxd5  Rxd5  29. Rc2  Rd3  30. a4  Rb3  31. a5  Bd4  32. Rc4  Be5  33. Nc5  Rb1  34. f4  Rb2+  35. Kf3  Bd6  36. h4  f5  37. Nd3  Rb3  38. Ke2  Kf7  39. Kd2  g5  40. hxg5  hxg5  41. Kc2  Ra3  42. Rc6  Ke6  43. fxg5  Kd5  44. Rc8  Ra2+  45. Nb2  Be5  46. Rc5+  Kd6  47. Rxe5  Kxe5  48. Kb1   1-0

[Event "2021 FIDE Online Olympiad"]
[Site "Chess.com"]
[Date "2021.09.03"]
[Round "6"]
[Board "2"]
[White "O`Donnell, Conor"]
[Black "Garcia, Jan Emmanuel"]
[Result "0-1"]
[WhiteElo "2184"]
[BlackElo "2350"]
[PlyCount "56"]
[EventDate "2021.09.02"]
[EventType "team"]
[EventRounds "9"]
[EventCountry "FID"]
[WhiteTeam "Ireland"]
[BlackTeam "Philippines"]

1. d4  Nf6  2. Nf3  g6  3. g3  Bg7  4. Bg2  O-O  5. O-O  d5  6. c3  b6  7. a4  a5  8. Bf4  Bb7  9. Ne5  Nfd7  10. Nd2  Nxe5  11. dxe5  Nd7  12. Nf3  e6  13. Qd2  Re8  14. h4  h5  15. Qe3  c5  16. b3  Qc7  17. Rfd1  c4  18. b4  axb4  19. cxb4  Bc6  20. b5  Bb7  21. Qc3  Ra5  22. Ra2  Rea8  23. Rda1  Nc5  24. Nd2  Nxa4  25. Qc2  Nc5  26. Rxa5  Rxa5  27. Rxa5  bxa5  28. e4  Bxe5   0-1

[Event "2021 FIDE Online Olympiad"]
[Site "Chess.com"]
[Date "2021.09.03"]
[Round "6"]
[Board "3"]
[White "Frayna, Janelle Mae"]
[Black "Gelip, Ioana"]
[Result "1-0"]
[WhiteElo "2102"]
[BlackElo "2096"]
[PlyCount "87"]
[EventDate "2021.09.02"]
[EventType "team"]
[EventRounds "9"]
[EventCountry "FID"]
[WhiteTeam "Philippines"]
[BlackTeam "Ireland"]

1. Nf3  Nf6  2. d4  e6  3. g3  b6  4. Bg2  Bb7  5. O-O  Be7  6. c4  O-O  7. Nc3  d6  8. Re1  Nbd7  9. e4  e5  10. h3  Re8  11. d5  a5  12. Be3  Ba6  13. b3  Nc5  14. Qc2  Qd7  15. Nd2  Bf8  16. a3  Qd8  17. b4  axb4  18. axb4  Ncd7  19. Ra3  h6  20. Rea1  Bb7  21. Rxa8  Bxa8  22. Nb3  c6  23. dxc6  Bxc6  24. Nd5  Nxd5  25. cxd5  Bb5  26. Bf1  Bxf1  27. Kxf1  Qb8  28. Rc1  Nf6  29. Nd2  Qb7  30. Qc6  Qa6+  31. b5  Qa5  32. Qxb6  Qxb6  33. Bxb6  Rb8  34. Rc6  Nd7  35. Nc4  Be7  36. Ke2  Nxb6  37. Rxb6  Rxb6  38. Nxb6  Bd8  39. Nc4  Bc7  40. b6  Bd8  41. b7  Bc7  42. Na5  Kf8  43. Nc6  Ke8  44. b8=Q+   1-0

[Event "2021 FIDE Online Olympiad"]
[Site "Chess.com"]
[Date "2021.09.03"]
[Round "6"]
[Board "4"]
[White "Kanyamarala, Trisha"]
[Black "Fronda, Jan Jodilyn"]
[Result "1-0"]
[WhiteElo "1811"]
[BlackElo "2045"]
[PlyCount "91"]
[EventDate "2021.09.02"]
[EventType "team"]
[EventRounds "9"]
[EventCountry "FID"]
[WhiteTeam "Ireland"]
[BlackTeam "Philippines"]

1. d4  d5  2. c4  e6  3. Nc3  Nf6  4. cxd5  exd5  5. Bg5  c6  6. e3  Nbd7  7. Bd3  Be7  8. Nge2  O-O  9. Qc2  Re8  10. O-O  g6  11. Rad1  Nh5  12. Bxe7  Qxe7  13. Rfe1  Ndf6  14. a3  Ng7  15. Ng3  h5  16. f3  h4  17. Nh1  Bf5  18. Bxf5  Nxf5  19. e4  dxe4  20. fxe4  Ng7  21. Nf2  Rad8  22. Qc1  Nh7  23. Ng4  Nh5  24. Rf1  Rf8  25. e5  Qg5  26. Qxg5  Nxg5  27. d5  Kg7  28. d6  Rfe8  29. Rd2  Re6  30. Rdf2  Rd7  31. b4  b6  32. Ne2  c5  33. bxc5  bxc5  34. Nc3  f5  35. exf6+  Kf8  36. Nb5  a6  37. Nc3  Rdxd6  38. f7  Re7  39. Nh6  Rdd7  40. Na4  Rc7  41. Nb6  Re6  42. Rd2  Nxf7  43. Nd7+  Ke8  44. Rxf7  g5  45. Rf8+  Ke7  46. Nf5#   1-0

[Event "2021 FIDE Online Olympiad"]
[Site "Chess.com"]
[Date "2021.09.03"]
[Round "6"]
[Board "5"]
[White "Nouri, Alekhine"]
[Black "Kanyamarala, Tarun"]
[Result "1-0"]
[WhiteElo "2082"]
[BlackElo "2018"]
[PlyCount "49"]
[EventDate "2021.09.02"]
[EventType "team"]
[EventRounds "9"]
[EventCountry "FID"]
[WhiteTeam "Philippines"]
[BlackTeam "Ireland"]

1. d4  f5  2. Bg5  g6  3. Nc3  Bg7  4. Nf3  d6  5. e4  h6  6. Be3  e6  7. exf5  exf5  8. Bc4  c6  9. Bxg8  Rxg8  10. O-O  Kf7  11. Qd2  g5  12. Qd3  Na6  13. Rae1  Nc7  14. d5  c5  15. Bxc5  dxc5  16. d6  Ne6  17. Qxf5+  Qf6  18. Ne5+  Ke8  19. Qd3  Bd7  20. Nd5  Qxe5  21. Rxe5  Bxe5  22. Re1  Bxd6  23. Nf6+  Ke7  24. Nxg8+  Rxg8  25. Qh7+   1-0

[Event "2021 FIDE Online Olympiad"]
[Site "Chess.com"]
[Date "2021.09.03"]
[Round "6"]
[Board "6"]
[White "Putar, Lara"]
[Black "Marticio, Jersey"]
[Result "0-1"]
[WhiteElo "1516"]
[BlackElo "1255"]
[PlyCount "90"]
[EventDate "2021.09.02"]
[EventType "team"]
[EventRounds "9"]
[EventCountry "FID"]
[WhiteTeam "Ireland"]
[BlackTeam "Philippines"]

1. d4  d5  2. c4  c6  3. Nf3  Nf6  4. g3  e6  5. Bg2  Bd6  6. O-O  O-O  7. Nc3  Nbd7  8. b3  Re8  9. Bb2  Qc7  10. Rc1  dxc4  11. bxc4  a6  12. e4  e5  13. d5  Nc5  14. Ne1  Bg4  15. Qc2  cxd5  16. cxd5  Rac8  17. Nd3  b5  18. Nb4  Bd7  19. Qe2  a5  20. Nd3  b4  21. Nxc5  Qxc5  22. Nb1  Qb6  23. Rxc8  Rxc8  24. Rc1  Rxc1+  25. Bxc1  Bb5  26. Qc2  Bc5  27. h3  a4  28. Bg5  Nd7  29. Be3  Bxe3  30. fxe3  Qxe3+  31. Kh2  Qc5  32. Qb2  a3  33. Qd2  h6  34. Bf3  Nb6  35. Qg2  Bc4  36. Qc2  Qd4  37. Kg2  Qd3  38. Qxd3  Bxd3  39. Nd2  Nc4  40. Nb3  Bb1  41. Nc1  Bxa2  42. Nxa2  b3  43. Nc1  b2  44. d6  bxc1=Q  45. d7  Qd2+   0-1

[Event "2021 FIDE Online Olympiad"]
[Site "Chess.com"]
[Date "2021.09.03"]
[Round "6"]
[Board "1"]
[White "Kuybokarov, Temur"]
[Black "Megaranto, Susanto"]
[Result "1/2-1/2"]
[WhiteElo "2134"]
[BlackElo "2517"]
[PlyCount "130"]
[EventDate "2021.09.02"]
[EventType "team"]
[EventRounds "9"]
[EventCountry "FID"]
[WhiteTeam "Australia"]
[BlackTeam "Indonesia"]

1. e4  d5  2. exd5  Nf6  3. d4  Nxd5  4. Nf3  Bg4  5. Be2  e6  6. O-O  Be7  7. c4  Nb6  8. Nc3  O-O  9. c5  Nd5  10. h3  Bh5  11. Qb3  b6  12. Nxd5  Qxd5  13. Bc4  Qd8  14. cxb6  axb6  15. d5  b5  16. Bxb5  Qxd5  17. Bc4  Qa5  18. Bd2  Qb6  19. Ne5  Bd6  20. Bc3  Qxb3  21. axb3  Rxa1  22. Rxa1  Bg6  23. f3  Rd8  24. Kf1  Kf8  25. Ke2  Ke7  26. Ra8  f6  27. Rxb8  Bxe5  28. Rxd8  Kxd8  29. Bxe6  Ke7  30. Bc4  h6  31. Ke3  Bc2  32. b4  g5  33. b5  h5  34. Ba5  h4  35. b3  Bh2  36. Kd2  Bf5  37. b6  cxb6  38. Bxb6  Kd6  39. Bd4  Be5  40. Kc3  Bd7  41. b4  f5  42. b5  g4  43. Bf1  Kd5  44. Bxe5  Kxe5  45. b6  Kd6  46. b7  Kc7  47. f4  Kxb7  48. Kd4  Kb6  49. Kd5  g3  50. Ke5  Kc5  51. Bd3  Bc6  52. Kxf5  Bxg2  53. Kg4  Kd4  54. Kxh4  Kxd3  55. Kxg3  Ke4  56. h4  Bf3  57. f5  Kxf5  58. Kxf3  Kg6  59. Kg4  Kh7  60. Kg5  Kh8  61. h5  Kg8  62. h6  Kh8  63. Kg6  Kg8  64. h7+  Kh8  65. Kf7  Kxh7   1/2-1/2

[Event "2021 FIDE Online Olympiad"]
[Site "Chess.com"]
[Date "2021.09.03"]
[Round "6"]
[Board "2"]
[White "Priasmoro, Novendra"]
[Black "Zhao, Zong-Yuan"]
[Result "1-0"]
[WhiteElo "2312"]
[BlackElo "2525"]
[PlyCount "77"]
[EventDate "2021.09.02"]
[EventType "team"]
[EventRounds "9"]
[EventCountry "FID"]
[WhiteTeam "Indonesia"]
[BlackTeam "Australia"]

1. e4  c5  2. Nf3  d6  3. d4  cxd4  4. Nxd4  Nf6  5. Nc3  Nc6  6. Bg5  e6  7. Qd2  a6  8. O-O-O  Bd7  9. f4  Be7  10. Nf3  b5  11. Bd3  b4  12. Ne2  Qc7  13. Ned4  O-O  14. Nxc6  Bxc6  15. Qe2  Bb5  16. Kb1  Rfc8  17. g4  Nxg4  18. Rhg1  Nf6  19. Qg2  Bxd3  20. cxd3  g6  21. f5  exf5  22. exf5  Nd5  23. fxg6  hxg6  24. Nd4  Nc3+  25. bxc3  Bxg5  26. Qxg5  bxc3  27. Rg2  Rab8+  28. Ka1  Rb2  29. Rc1  Qb7  30. Rgc2  Rb8  31. Nb3  a5  32. Rxc3  Rf2  33. Qxa5  Rxh2  34. Rc7  Qf3  35. Rc8+  Rxc8  36. Rxc8+  Kg7  37. Qc3+  f6  38. Qc7+  Kh6  39. Rh8+   1-0

[Event "2021 FIDE Online Olympiad"]
[Site "Chess.com"]
[Date "2021.09.03"]
[Round "6"]
[Board "3"]
[White "Ryjanova, Julia"]
[Black "Sukandar, Irine Kharisma"]
[Result "0-1"]
[WhiteElo "2242"]
[BlackElo "2381"]
[PlyCount "72"]
[EventDate "2021.09.02"]
[EventType "team"]
[EventRounds "9"]
[EventCountry "FID"]
[WhiteTeam "Australia"]
[BlackTeam "Indonesia"]

1. Nf3  Nf6  2. c4  e6  3. b3  d5  4. e3  Bd6  5. Bb2  O-O  6. Be2  Nbd7  7. cxd5  exd5  8. O-O  Re8  9. d3  a5  10. a3  c6  11. Nbd2  Nc5  12. Qc2  h6  13. Rfe1  Bf5  14. Nd4  Bg6  15. b4  Ncd7  16. Qb3  axb4  17. axb4  Qe7  18. Rxa8  Rxa8  19. Bc3  Ne5  20. Qb1  Ra3  21. Qb2  Ra8  22. Qb1  Nc4  23. Nxc4  dxc4  24. b5  c5  25. Nf3  Nd5  26. Bd2  c3  27. Bc1  Nb4  28. e4  Qe6  29. Be3  c2  30. Qb2  Qa2  31. Qxa2  Rxa2  32. Bc1  Bh5  33. Kf1  Bxf3  34. gxf3  Be5  35. Kg2  Ra1  36. Kf1  Bc3   0-1

[Event "2021 FIDE Online Olympiad"]
[Site "Chess.com"]
[Date "2021.09.03"]
[Round "6"]
[Board "4"]
[White "Sihite, Chelsie Monica Ignesias"]
[Black "Zhang, Jilin"]
[Result "1/2-1/2"]
[WhiteElo "2233"]
[BlackElo "2246"]
[PlyCount "125"]
[EventDate "2021.09.02"]
[EventType "team"]
[EventRounds "9"]
[EventCountry "FID"]
[WhiteTeam "Indonesia"]
[BlackTeam "Australia"]

1. c4  Nf6  2. g3  g6  3. Bg2  Bg7  4. Nf3  O-O  5. O-O  c5  6. Nc3  Nc6  7. b3  d5  8. cxd5  Nxd5  9. Bb2  e5  10. Nxd5  Qxd5  11. Nd4  e4  12. Nxc6  Qxc6  13. Bxg7  Kxg7  14. Qc2  Bf5  15. Qc3+  Kg8  16. h3  h5  17. Qe3  Rac8  18. Rac1  Qd6  19. Rc2  b6  20. Kh2  Rfe8  21. Rc3  Rcd8  22. Rd1  Qd4  23. Qf4  Qe5  24. Re3  Qxf4  25. gxf4  Kf8  26. f3  exf3  27. Rxe8+  Kxe8  28. Bxf3  Bc2  29. Rc1  Rxd2  30. Kg3  Bf5  31. a3  Rd4  32. Rc3  a5  33. h4  Kf8  34. Bc6  Be4  35. Bb5  Bd5  36. a4  Ke7  37. Bd3  Be4  38. Bc4  f5  39. Re3  Kf6  40. Rc3  Rd1  41. Bb5  Rg1+  42. Kh3  Rg4  43. e3  Rg1  44. Bd3  Rd1  45. Be2  Rd2  46. Bc4  Bd5  47. Bd3  Bg2+  48. Kg3  Be4  49. Bc4  Bd5  50. Bd3  Rg2+  51. Kh3  Rg1  52. Kh2  Re1  53. Ba6  Rb1  54. Rd3  Bxb3  55. Rd6+  Kg7  56. Rxb6  Bc2  57. Rc6  Rh1+  58. Kg3  Bxa4  59. Rxc5  Rg1+  60. Kh3  Bd1  61. Rxa5  Bg4+  62. Kh2  Re1  63. Ra3   1/2-1/2